Aula Internacional 3. Curso Español.
Guardat en:
| Autor principal: | |
|---|---|
| Altres autors: | , , |
| Format: | Llibre |
| Publicat: |
Barcelona, España:
Difusión,
2014.
|
| Matèries: | |
| Etiquetes: |
Afegir etiqueta
Sense etiquetes, Sigues el primer a etiquetar aquest registre!
|
MARC
| LEADER | 00000nam a22000007a 4500 | ||
|---|---|---|---|
| 003 | CL-VaPUC | ||
| 005 | 20240812121135.0 | ||
| 008 | 240807t2014 ||||| |||| 00| 0 eng d | ||
| 999 | |c 444419 |d 444417 | ||
| 020 | |a 978-84-15640-11-0 | ||
| 040 | |c Pontificia Universidad Católica de Valparaíso | ||
| 082 | 7 | |2 22 |a 465 COR 2014 | |
| 100 | |a Corpas, Jaime |e autor |9 890585 | ||
| 245 | |a Aula Internacional 3. |b Curso Español. | ||
| 260 | |a Barcelona, España: |b Difusión, |c 2014. | ||
| 300 | |a 246 páginas. | ||
| 500 | |a c.1 Entregado por Profesor René Venegas 07-08-2024 | ||
| 583 | |c 20240807 |k Catalogador Asistente | ||
| 650 | 0 | |9 890161 |a Lengua española |v Ejercicios y problemas |x Gramática | |
| 650 | 0 | |9 890126 |a Spanish language |v Exercises and problems |x Grammar | |
| 700 | |a Garmendia, Agustín |e autor |9 890586 | ||
| 700 | |a Soriano Escolar, Carmen |e autora |9 890578 | ||
| 700 | |a Sans, Neus |e coordinadora pedagógica |9 890587 | ||
| 942 | |2 ddc |c BK | ||
| 952 | |0 0 |1 0 |2 ddc |4 0 |6 465_000000000000000_COR_2014 |7 0 |8 A |9 596234 |a BIBGIM |b BIBGIM |d 2024-08-07 |i 5662345 |o 465 COR 2014 |p 5662345 |r 2025-01-15 |t 1 |w 2024-08-07 |y BK |k ELE | ||